|
|
|
|
| LEADER |
02150nam a2200469Ia 4500 |
| 001 |
EBC3572020 |
| 003 |
MiAaPQ |
| 005 |
20200520144314.0 |
| 006 |
m o d | |
| 007 |
cr cn||||||||| |
| 008 |
070914s2007 ne a sb 101 0 eng d |
| 020 |
|
|
|z 9086860419 (hd.bd.)
|
| 020 |
|
|
|z 9789086860418 (hd.bd.)
|
| 020 |
|
|
|z 9789086866137
|
| 035 |
|
|
|a (MiAaPQ)EBC3572020
|
| 035 |
|
|
|a (Au-PeEL)EBL3572020
|
| 035 |
|
|
|a (CaPaEBR)ebr10686741
|
| 035 |
|
|
|a (OCoLC)932326843
|
| 040 |
|
|
|a MiAaPQ
|c MiAaPQ
|d MiAaPQ
|
| 050 |
|
4 |
|a SF94.6
|b .E22 2007
|
| 111 |
2 |
|
|a EAAP-Symposium on Energy and Protein Metabolism and Nutrition
|n (2nd :
|d 2007 :
|c Vichy, France)
|
| 245 |
1 |
0 |
|a Energy and protein metabolism and nutrition
|h [electronic resource] /
|c scientific editor, I. Ortigues-Marty ; managing editor, N. Miraux ; language editor, W. Brand-Williams.
|
| 260 |
|
|
|a Wageningen, The Netherlands :
|b Wageningen Academic Publishers,
|c 2007.
|
| 300 |
|
|
|a 647 p. :
|b ill.
|
| 490 |
1 |
|
|a EAAP publication,
|x 0071-2477 ;
|v no. 124
|
| 500 |
|
|
|a Papers presented at the 2nd International Symposium on Energy and Protein Metabolism and Nutrition, held Sept. 9-13, 2007 in Vichy, France.
|
| 500 |
|
|
|a Conference organized by the Institut National de la Recherche Agronomique, France.
|
| 500 |
|
|
|a "European Federation of Animal Science"--Prelim.
|
| 504 |
|
|
|a Includes bibliographical references and author index.
|
| 533 |
|
|
|a Electronic reproduction. Ann Arbor, MI : ProQuest, 2016. Available via World Wide Web. Access may be limited to ProQuest affiliated libraries.
|
| 650 |
|
0 |
|a Animal nutrition
|v Congresses.
|
| 650 |
|
0 |
|a Energy metabolism
|v Congresses.
|
| 650 |
|
0 |
|a Proteins
|x Metabolism
|v Congresses.
|
| 655 |
|
4 |
|a Electronic books.
|
| 700 |
1 |
|
|a Ortigues-Marty, I.
|q (Isabelle)
|
| 700 |
1 |
|
|a Miraux, N.
|
| 700 |
1 |
|
|a Brand-Williams, W.
|
| 710 |
2 |
|
|a ProQuest (Firm)
|
| 710 |
2 |
|
|a Institut national de la recherche agronomique (France)
|
| 710 |
2 |
|
|a European Association for Animal Production.
|
| 830 |
|
0 |
|a EAAP publication ;
|v no. 124.
|
| 856 |
4 |
0 |
|u https://ebookcentral.proquest.com/lib/matrademy/detail.action?docID=3572020
|z Click to View
|